[Event "XX Festival A"]
[Site "Arco ITA"]
[Date "1998.10.??"]
[Round "1"]
[White "Dalponte, Dino"]
[Black "Khenkin, Igor"]
[Result "1/2-1/2"]
[WhiteElo "2180"]
[BlackElo "2600"]
[PlyCount "158"]
[EventDate "1998.10.24"]

1. d4 d5 2. c3 Nf6 3. Nf3 c5 4. e3 e6 5. Bd3 Nc6 6. Nbd2 Bd6 7. Qe2 O-O 8. O-O
Qc7 9. h3 e5 10. dxe5 Nxe5 11. Nxe5 Bxe5 12. Nf3 c4 13. Nxe5 Qxe5 14. Bc2 Bf5
15. e4 Qe6 16. f3 dxe4 17. fxe4 Bg6 18. Re1 Rfe8 19. e5 Bxc2 20. Qxc2 Nd7 21.
Bf4 Nc5 22. Bg3 Rad8 23. Kh2 Nd3 24. Re4 f5 25. Rd4 f4 26. Bh4 Rc8 27. Re4 g5
28. Bf2 Qf5 29. Re2 Rxe5 30. Bd4 Re6 31. Rae1 Rce8 32. Rxe6 Rxe6 33. Rxe6 Qxe6
34. Qa4 Qc6 35. Qa5 h6 36. Qd8+ Kf7 37. Qh8 b6 38. b3 f3 39. Qg7+ Ke8 40. Qg8+
Ke7 41. Qg7+ Kd8 42. Qf8+ Kc7 43. Qf7+ Kb8 44. gxf3 cxb3 45. axb3 a5 46. Kg1
Nf4 47. Be5+ Ka8 48. Bxf4 gxf4 49. Qxf4 Qxc3 50. Qf8+ Kb7 51. Qe7+ Kc6 52. Qe6+
Kc5 53. Kg2 Qd2+ 54. Kf1 b5 55. Qe7+ Kc6 56. Qe1 Qf4 57. Qc3+ Kb6 58. Ke2 a4
59. b4 Qc4+ 60. Qxc4 bxc4 61. Kd2 a3 62. Kc3 Kb5 63. f4 a2 64. Kb2 Kxb4 65.
Kxa2 Kc3 66. f5 Kd3 67. f6 c3 68. f7 c2 69. f8=Q c1=Q 70. Qd6+ Ke2 71. Qh2+ Kf3
72. Kb3 Qc5 73. Ka4 h5 74. Kb3 h4 75. Ka4 Qg5 76. Qh1+ Qg2 77. Qd1+ Qe2 78. Qd7
Qe4+ 79. Ka3 Qe3+ 1/2-1/2

[Event "XX Festival A"]
[Site "Arco ITA"]
[Date "1998.10.??"]
[Round "1"]
[White "Frank, Albert"]
[Black "Mahn, Franko"]
[Result "1/2-1/2"]
[WhiteElo "2020"]
[BlackElo "2205"]
[PlyCount "87"]
[EventDate "1998.10.24"]

1. c4 Nf6 2. Nc3 e6 3. e4 d5 4. e5 d4 5. Nb5 Nfd7 6. f4 Nc6 7. Nf3 a6 8. Na3
Be7 9. Nc2 O-O 10. Bd3 f6 11. Qe2 fxe5 12. fxe5 Nc5 13. O-O Nxd3 14. Qxd3 Rf5
15. Re1 b6 16. Kh1 Bb7 17. b3 Nb4 18. Nxb4 Bxf3 19. gxf3 Bxb4 20. a3 Be7 21.
Bb2 c5 22. Re4 Qf8 23. Rf1 Qf7 24. Qe2 Rf8 25. Kg2 Qh5 26. d3 Bg5 27. b4 Bf4
28. Kh1 Be3 29. bxc5 Rxf3 30. Rxf3 Rxf3 31. Bxd4 Bxd4 32. Rxd4 bxc5 33. Re4 Qf5
34. Kg2 Rf4 35. Rxf4 Qxf4 36. Qb2 Qf5 37. Qb8+ Kf7 38. Qb7+ Kg6 39. Qxa6 Qxe5
40. Qb7 Qe2+ 41. Kg1 Qe1+ 42. Kg2 Qe2+ 43. Kg1 Qe3+ 44. Kg2 1/2-1/2

[Event "XX Festival A"]
[Site "Arco ITA"]
[Date "1998.10.??"]
[Round "1"]
[White "Godena, Michele"]
[Black "Kloster, Josef"]
[Result "1-0"]
[WhiteElo "2510"]
[BlackElo "2165"]
[PlyCount "67"]
[EventDate "1998.10.24"]

1. e4 e5 2. Nf3 d5 3. Nxe5 Bd6 4. d4 dxe4 5. Nc4 Nf6 6. Bg5 Be7 7. Ne3 Be6 8.
Nc3 c6 9. Be2 Nbd7 10. O-O Qa5 11. Bh4 g5 12. Bg3 h5 13. h4 Nf8 14. d5 Nxd5 15.
Ncxd5 Bxd5 16. Nxd5 cxd5 17. b4 Bxb4 18. Rb1 O-O-O 19. c3 Bd6 20. Rb5 Qc7 21.
Qd4 Ne6 22. Qxa7 d4 23. Rxb7 Bxg3 24. Rxc7+ Bxc7 25. Bb5 Rd6 26. Qa8+ Bb8 27.
hxg5 Nc7 28. Qa4 Nxb5 29. Qxb5 f6 30. c4 d3 31. c5 Re6 32. Rb1 Bc7 33. Qb7+ Kd7
34. Rb6 1-0

[Event "XX Festival A"]
[Site "Arco ITA"]
[Date "1998.10.??"]
[Round "1"]
[White "Heinlein, Reinhold"]
[Black "Luciani, Carlo"]
[Result "1/2-1/2"]
[WhiteElo "2080"]
[BlackElo "2240"]
[PlyCount "67"]
[EventDate "1998.10.24"]

1. d4 c5 2. d5 e5 3. e4 d6 4. Nc3 Nf6 5. Be2 g6 6. Bg5 Bg7 7. h4 h5 8. Qd2 a6
9. a4 Qc7 10. Nh3 Ng8 11. Be3 f6 12. f3 Bh6 13. Nf2 Bxe3 14. Qxe3 Nd7 15. g4
hxg4 16. fxg4 Nf8 17. h5 Qe7 18. O-O-O Bd7 19. Rdg1 O-O-O 20. Nh3 Kb8 21. g5
gxh5 22. g6 Qg7 23. Nf2 h4 24. b4 Rc8 25. b5 Ka7 26. bxa6 bxa6 27. Qd3 c4 28.
Qe3+ Kb7 29. Kd2 Rc5 30. Rb1+ Kc7 31. Bxc4 Nxg6 32. Nd3 Qh6 33. Nxc5 dxc5 34.
Rb2 1/2-1/2

[Event "XX Festival A"]
[Site "Arco ITA"]
[Date "1998.10.??"]
[Round "1"]
[White "Lantini, Marco"]
[Black "Ortega, Lexy"]
[Result "1/2-1/2"]
[WhiteElo "2145"]
[BlackElo "2490"]
[PlyCount "121"]
[EventDate "1998.10.24"]

1. e4 c5 2. Nf3 d6 3. d4 cxd4 4. Nxd4 Nf6 5. Nc3 a6 6. Be3 Ng4 7. Bg5 h6 8. Bh4
g5 9. Bg3 Bg7 10. Be2 h5 11. Bxg4 Bxg4 12. f3 Bd7 13. Bf2 Nc6 14. Nxc6 bxc6 15.
Bd4 e5 16. Bf2 Be6 17. Qd3 d5 18. O-O d4 19. Ne2 c5 20. c4 h4 21. h3 O-O 22.
Nc1 f5 23. exf5 Bxf5 24. Qa3 Qc8 25. Nd3 e4 26. fxe4 Bxe4 27. Rae1 Bxd3 28.
Qxd3 Ra7 29. Qg6 Qf5 30. Qxf5 Rxf5 31. Re8+ Kf7 32. Rc8 Rd7 33. Be1 Rxf1+ 34.
Kxf1 d3 35. Bd2 Bxb2 36. Rxc5 Bf6 37. Rc6 a5 38. Kf2 Re7 39. Bxa5 Re2+ 40. Kf3
Rxa2 41. Bb4 Be5 42. Ke4 Bg3 43. Kxd3 Rxg2 44. Ke4 Rf2 45. Rc8 Ke6 46. Rc6+ Kd7
47. Rg6 Rf1 48. Kd5 Rf5+ 49. Ke4 Rf1 50. Kd4 Rf5 51. Ke4 Re5+ 52. Kd4 Bf4 53.
Rg7+ Kc6 54. Rg6+ Kd7 55. Rg7+ Ke6 56. Re7+ Kf5 57. Rf7+ Ke6 58. Re7+ Kf5 59.
Rf7+ Ke6 60. Re7+ Kf5 61. Rf7+ 1/2-1/2

[Event "XX Festival A"]
[Site "Arco ITA"]
[Date "1998.10.??"]
[Round "1"]
[White "Lanzani, Mario"]
[Black "Siegmund, Rainer"]
[Result "1-0"]
[WhiteElo "2395"]
[BlackElo "2130"]
[PlyCount "65"]
[EventDate "1998.10.24"]

1. e4 c5 2. Nf3 Nc6 3. Bb5 g6 4. Bxc6 bxc6 5. O-O Bg7 6. Re1 Nf6 7. c3 O-O 8.
d4 cxd4 9. cxd4 d5 10. e5 Ne8 11. b3 Nc7 12. Ba3 Bg4 13. Nbd2 Ne6 14. h3 Bxf3
15. Nxf3 Qd7 16. Qd2 a5 17. Rac1 Rfc8 18. Rc2 h5 19. Qe3 a4 20. b4 Kh7 21. Bc1
Rab8 22. a3 Kg8 23. Ree2 Bf8 24. Qd3 Kh7 25. Ng5+ Nxg5 26. Bxg5 e6 27. Qf3 Qa7
28. Red2 Rb7 29. g4 hxg4 30. hxg4 Kg8 31. Bf6 Qb8 32. Rd3 Bg7 33. Bxg7 1-0

[Event "XX Festival A"]
[Site "Arco ITA"]
[Date "1998.10.??"]
[Round "1"]
[White "Lovati, Paolo"]
[Black "Korte, Markus"]
[Result "1/2-1/2"]
[WhiteElo "2050"]
[BlackElo "2220"]
[PlyCount "56"]
[EventDate "1998.10.24"]

1. c4 e5 2. Nc3 Nf6 3. g3 Bb4 4. Bg2 O-O 5. Nf3 Nc6 6. O-O e4 7. Ng5 Bxc3 8.
dxc3 Qe7 9. Nh3 Ne5 10. b3 h6 11. f3 d6 12. Nf2 exf3 13. exf3 Bf5 14. g4 Bd7
15. Re1 Rae8 16. Bf4 Bc6 17. Qd2 Nfd7 18. Re3 Qf6 19. Bxe5 Nxe5 20. Rf1 Re7 21.
Nd3 Nxd3 22. Rxe7 Qxe7 23. Qxd3 Re8 24. f4 Bxg2 25. Kxg2 Qe3 26. Qxe3 Rxe3 27.
Rf3 Re2+ 28. Rf2 Re3 1/2-1/2

[Event "XX Festival A"]
[Site "Arco ITA"]
[Date "1998.10.??"]
[Round "1"]
[White "Minerva, Enzo"]
[Black "Garbisu De Goni, Unai"]
[Result "0-1"]
[WhiteElo "2135"]
[BlackElo "2395"]
[PlyCount "70"]
[EventDate "1998.10.24"]

1. e4 e5 2. Nf3 Nc6 3. Bb5 a6 4. Bxc6 dxc6 5. O-O Qd6 6. d4 exd4 7. Qxd4 Bg4 8.
e5 Qxd4 9. Nxd4 O-O-O 10. Be3 Re8 11. Bf4 Ne7 12. h3 Bd7 13. Bh2 c5 14. Nf3 h6
15. Nbd2 Nc6 16. c3 b5 17. b3 Be7 18. Rfe1 Be6 19. Rad1 Rd8 20. Kf1 Bf5 21. Re3
c4 22. Ke1 Bc5 23. Nd4 Nxd4 24. cxd4 Rxd4 25. bxc4 Bb4 26. Rb3 c5 27. cxb5 Rhd8
28. bxa6 Bc2 29. Rxb4 cxb4 30. Rc1 Rxd2 31. e6 Rd1+ 32. Rxd1 Rxd1+ 33. Ke2 fxe6
34. a7 Kb7 35. Bb8 Ra1 0-1

[Event "XX Festival A"]
[Site "Arco ITA"]
[Date "1998.10.??"]
[Round "1"]
[White "Naumkin, Igor"]
[Black "Zinani, Alessandro"]
[Result "1-0"]
[WhiteElo "2475"]
[BlackElo "2145"]
[PlyCount "71"]
[EventDate "1998.10.24"]

1. d4 d5 2. c4 e6 3. Nc3 Nf6 4. Nf3 Be7 5. Bg5 O-O 6. e3 c6 7. Rc1 h6 8. Bh4
Nbd7 9. Bd3 dxc4 10. Bxc4 Nd5 11. Bxe7 Qxe7 12. Ne4 N5b6 13. Bb3 Qb4+ 14. Nc3
Re8 15. O-O e5 16. a3 Qf8 17. Ne4 Nd5 18. Qc2 exd4 19. Nxd4 N7f6 20. Ng3 Bd7
21. e4 Nf4 22. Rfe1 Rad8 23. e5 N6d5 24. Rcd1 Qe7 25. Re4 Qg5 26. Nf3 Qg6 27.
Qd2 Ne6 28. Bc2 Ng5 29. Nxg5 Qxg5 30. f4 Qe7 31. Qf2 Nb6 32. f5 Qg5 33. h4 Qe7
34. Nh5 Bc8 35. Qg3 Rxd1+ 36. Bxd1 1-0

[Event "XX Festival A"]
[Site "Arco ITA"]
[Date "1998.10.??"]
[Round "1"]
[White "Niedermayr, Horst"]
[Black "Casagrande, Fabio"]
[Result "1-0"]
[WhiteElo "2225"]
[BlackElo "2050"]
[PlyCount "75"]
[EventDate "1998.10.24"]

1. e4 e6 2. d3 d5 3. Nd2 Nf6 4. Ngf3 Be7 5. g3 c5 6. Bg2 Nc6 7. O-O O-O 8. Re1
dxe4 9. dxe4 e5 10. c3 Bg4 11. h3 Be6 12. Qe2 Qd7 13. Ng5 h6 14. Nxe6 Qxe6 15.
Nc4 Rfd8 16. Ne3 Bf8 17. Nd5 Rac8 18. Qf3 Ne7 19. Nxf6+ Qxf6 20. Qxf6 gxf6 21.
Be3 Nc6 22. Rad1 Rxd1 23. Rxd1 Rd8 24. Rd5 b6 25. g4 Kg7 26. Kf1 Rxd5 27. exd5
Na5 28. b3 Nb7 29. Ke2 Nd6 30. Kd3 a5 31. a4 Kg6 32. Be4+ Kg7 33. f3 Kg8 34. h4
Kg7 35. h5 Be7 36. b4 c4+ 37. Kc2 Nxe4 38. fxe4 $139 1-0

[Event "XX Festival A"]
[Site "Arco ITA"]
[Date "1998.10.??"]
[Round "1"]
[White "Prelati, Maurizio"]
[Black "Timoscenko, Gennadij A."]
[Result "0-1"]
[WhiteElo "2140"]
[BlackElo "2470"]
[PlyCount "40"]
[EventDate "1998.10.24"]

1. e4 c5 2. d4 cxd4 3. c3 dxc3 4. Nxc3 Nc6 5. Nf3 e6 6. Bc4 Qc7 7. Qe2 Nf6 8.
e5 Ng4 9. Bf4 d5 10. Bb3 h5 11. O-O Be7 12. Rae1 Qd8 13. h3 g5 14. Bd2 Nh6 15.
h4 g4 16. Ng5 Nf5 17. Bf4 Nxh4 18. Nb5 Bxg5 19. Bxg5 Qxg5 20. Nc7+ Kd8 0-1

[Event "XX Festival A"]
[Site "Arco ITA"]
[Date "1998.10.??"]
[Round "1"]
[White "Ptaschinski, Dirk"]
[Black "Di Lazzaro, Gabriele"]
[Result "1-0"]
[WhiteElo "2205"]
[BlackElo "2005"]
[PlyCount "117"]
[EventDate "1998.10.24"]

1. d4 g6 2. c4 Bg7 3. Nc3 c5 4. d5 d6 5. e4 Nf6 6. h3 e6 7. Nf3 exd5 8. exd5
O-O 9. Bd3 Re8+ 10. Be3 Bh6 11. O-O Bxe3 12. fxe3 a6 13. e4 Nbd7 14. Qd2 Kg7
15. Qf4 Qe7 16. Rf2 Nh5 17. Qh2 g5 18. Raf1 Rf8 19. g4 Nhf6 20. Nxg5 Nxg4 21.
hxg4 Qxg5 22. e5 h5 23. Rf5 Qe3+ 24. Kh1 Nxe5 25. Rxh5 Qxd3 26. Qf4 f5 27. Qg5+
Ng6 28. Qh6+ Kf6 29. g5+ Ke7 30. Re1+ Ne5 31. Qg7+ Rf7 32. Rxe5+ dxe5 33. Qxe5+
Kd7 34. Qe6+ Kc7 35. Qxf7+ Kb6 36. Rh6+ Ka7 37. Kg2 Qd2+ 38. Kg3 f4+ 39. Qxf4
Qxb2 40. Ne4 Qc2 41. Qe3 b6 42. Rh7+ Bb7 43. Nxc5 Rb8 44. Rxb7+ Rxb7 45. Nxb7
Kxb7 46. Qe7+ Kb8 47. Qd6+ Kb7 48. Qc6+ Ka7 49. d6 Qd2 50. Qd5 Qe3+ 51. Kg4
Qe2+ 52. Kf5 Qf1+ 53. Kg6 Qb1+ 54. Qf5 Qb4 55. Qf7+ Kb8 56. Qc7+ Ka8 57. Qc6+
Kb8 58. d7 Qb1+ 59. Kh6 1-0

[Event "XX Festival A"]
[Site "Arco ITA"]
[Date "1998.10.??"]
[Round "1"]
[White "Ricci, Marco"]
[Black "Carli, Carlo"]
[Result "1-0"]
[WhiteElo "2190"]
[BlackElo "1976"]
[PlyCount "133"]
[EventDate "1998.10.24"]

1. e4 d6 2. d4 Nf6 3. Nc3 g6 4. Bg5 Nc6 5. f4 Bg4 6. Be2 Bxe2 7. Ngxe2 Bg7 8.
Qd2 h6 9. Bh4 e5 10. dxe5 dxe5 11. Qxd8+ Rxd8 12. Bxf6 Bxf6 13. Nd5 Bg7 14.
Nxc7+ Kd7 15. Nd5 exf4 16. O-O-O Kc8 17. Nexf4 Rhe8 18. Rhe1 Ne5 19. Nd3 f5 20.
Nc3 fxe4 21. Rxe4 Nxd3+ 22. Rxd3 Bxc3 23. Rxc3+ Kb8 24. Rxe8 Rxe8 25. Kd2 Re6
26. h4 Re4 27. g3 a6 28. Kd3 Re7 29. a4 Re1 30. b3 Re7 31. Kd4 Re1 32. Kd5 Re2
33. Kd4 Re1 34. Kd3 Rg1 35. Ke4 Rf1 36. Ke5 Rf2 37. Ke6 Rf1 38. Ke5 Rf2 39. Ke4
Rf1 40. Ke3 Rf6 41. a5 g5 42. hxg5 hxg5 43. Rc4 Rf1 44. g4 Rg1 45. Kf2 Rd1 46.
Rc5 Rd2+ 47. Ke3 Rg2 48. Kf3 Rd2 49. Ke4 Rf2 50. Kd3 Rf3+ 51. Ke2 Rg3 52. Rxg5
Kc7 53. Rg6 Kd7 54. Kd2 Kc7 55. Kc1 Kd7 56. Kb2 Kc7 57. b4 Kd7 58. c3 Kc7 59.
Kb3 Kd7 60. Kc4 Kc7 61. Kd4 Rg1 62. Kc5 Rc1 63. Rg7+ Kc8 64. c4 Rc2 65. g5 Rc1
66. g6 Rc2 67. Rf7 1-0

[Event "XX Festival A"]
[Site "Arco ITA"]
[Date "1998.10.??"]
[Round "1"]
[White "Rossi, Carlo"]
[Black "Schiappacasse, Marcello"]
[Result "1-0"]
[WhiteElo "2355"]
[BlackElo "2095"]
[PlyCount "65"]
[EventDate "1998.10.24"]

1. e4 e6 2. Nf3 c5 3. b3 d5 4. exd5 exd5 5. Bb5+ Bd7 6. Bxd7+ Nxd7 7. O-O Bd6
8. Bb2 Ndf6 9. Re1+ Ne7 10. Bxf6 gxf6 11. Nc3 O-O 12. Rxe7 Bxe7 13. Nh4 Qd7 14.
Qh5 Rad8 15. Nf5 Kh8 16. f4 Rde8 17. Rf1 Qe6 18. Nxe7 Rxe7 19. Nxd5 Rd7 20. c4
f5 21. Qh4 Rxd5 22. Re1 Qd6 23. cxd5 Qxd5 24. Qf6+ Kg8 25. Re3 Qd4 26. Qxd4
cxd4 27. Re7 Rc8 28. Rxb7 Rc2 29. Rxa7 Rxd2 30. Rd7 Kg7 31. a4 Kf6 32. a5 Ke6
33. Rd8 $139 1-0

[Event "XX Festival A"]
[Site "Arco ITA"]
[Date "1998.10.??"]
[Round "1"]
[White "Schweiger, Georg"]
[Black "Pipitone, Antonio"]
[Result "1/2-1/2"]
[WhiteElo "2220"]
[BlackElo "2035"]
[PlyCount "82"]
[EventDate "1998.10.24"]

1. e4 c5 2. d3 Nc6 3. f4 e5 4. Nf3 d6 5. g3 Nf6 6. Bg2 Bg4 7. h3 Bd7 8. fxe5
dxe5 9. O-O Be7 10. Nc3 O-O 11. Nd5 Be6 12. Nxe7+ Qxe7 13. Bg5 c4 14. Nh4 Qc5+
15. Kh2 Nd7 16. Nf5 Bxf5 17. exf5 f6 18. dxc4 Nb6 19. Bc1 Qxc4 20. c3 Rad8 21.
Qh5 Rd7 22. Re1 Rfd8 23. Re4 Qf7 24. Qxf7+ Kxf7 25. Be3 Nd5 26. Bc1 Nde7 27. g4
h5 28. Bf1 hxg4 29. Bc4+ Nd5 30. hxg4 Rh8+ 31. Kg2 g6 32. Be3 gxf5 33. gxf5 Ke8
34. Rf1 Rg7+ 35. Kf3 Rh3+ 36. Ke2 Nxe3 37. Rxe3 Rg2+ 38. Kd3 Rxe3+ 39. Kxe3
Rxb2 40. Rh1 Nd8 41. Rh8+ Kd7 1/2-1/2

[Event "XX Festival A"]
[Site "Arco ITA"]
[Date "1998.10.??"]
[Round "1"]
[White "Slobodjan, Roman"]
[Black "Cucinella, Vincenzo"]
[Result "1-0"]
[WhiteElo "2575"]
[BlackElo "2175"]
[PlyCount "59"]
[EventDate "1998.10.24"]

1. e4 d6 2. d4 Nf6 3. Nc3 c6 4. g3 Qa5 5. Bg2 e5 6. Nge2 Be7 7. O-O O-O 8. h3
Nbd7 9. g4 b5 10. Ng3 Ne8 11. Nf5 Bd8 12. Ne2 Qc7 13. Be3 exd4 14. Nexd4 Ne5
15. b3 Bb7 16. Qd2 Ng6 17. Rad1 Qa5 18. c3 Qc7 19. Ne2 Be7 20. Neg3 a6 21.
Nxe7+ Nxe7 22. f4 a5 23. g5 d5 24. Bc5 Rd8 25. Qf2 Ra8 26. Rfe1 Nd6 27. f5 f6
28. gxf6 gxf6 29. Nh5 Rf7 30. Qg3+ 1-0

[Event "XX Festival A"]
[Site "Arco ITA"]
[Date "1998.10.??"]
[Round "1"]
[White "Tiviakov, Sergei"]
[Black "Schumacher, Helmut"]
[Result "1-0"]
[WhiteElo "2655"]
[BlackElo "2185"]
[PlyCount "63"]
[EventDate "1998.10.24"]

1. e4 e6 2. d4 d5 3. Nd2 Nf6 4. e5 Nfd7 5. Bd3 c5 6. c3 Nc6 7. Ne2 cxd4 8. cxd4
Qb6 9. Nf3 f6 10. exf6 Nxf6 11. O-O Bd6 12. Nc3 O-O 13. Be3 Kh8 14. Rc1 Bd7 15.
a3 Rae8 16. Na4 Qd8 17. Nc5 Bc8 18. Bb5 Re7 19. b4 Nb8 20. Ne5 Rc7 21. Bd3 b6
22. Nb3 Bd7 23. Qf3 Rxc1 24. Rxc1 Be8 25. Qh3 Bf7 26. Bg5 h6 27. Bxh6 gxh6 28.
Qxh6+ Kg8 29. Qg5+ Kh8 30. Rc8 Qe7 31. Rxf8+ Qxf8 32. Qxf6+ 1-0

[Event "XX Festival A"]
[Site "Arco ITA"]
[Date "1998.10.??"]
[Round "1"]
[White "Wagman, Stuart"]
[Black "Rotstein, Arkadij"]
[Result "0-1"]
[WhiteElo "2170"]
[BlackElo "2515"]
[PlyCount "64"]
[EventDate "1998.10.24"]

1. e4 c5 2. Nf3 Nc6 3. d4 cxd4 4. Nxd4 Qc7 5. Nc3 e6 6. g3 d6 7. Bg2 Nf6 8. O-O
a6 9. Re1 Na5 10. Nde2 Be7 11. b3 O-O 12. Bb2 Bd7 13. a3 Rac8 14. Qd2 Rfd8 15.
Nf4 Nc6 16. h3 Ne5 17. Nd3 b5 18. f4 Ng6 19. Kh2 h5 20. Re2 Bc6 21. Qe1 a5 22.
Rd1 Qb7 23. b4 d5 24. e5 Ne4 25. Nxe4 dxe4 26. Nc5 Rxd1 27. Qxd1 Bxc5 28. bxc5
h4 29. Rd2 hxg3+ 30. Kxg3 Qe7 31. Qg4 Qxc5 32. f5 Qe3+ 0-1

[Event "XX Festival A"]
[Site "Arco ITA"]
[Date "1998.10.??"]
[Round "2"]
[White "Carli, Carlo"]
[Black "Minerva, Enzo"]
[Result "1/2-1/2"]
[WhiteElo "1976"]
[BlackElo "2135"]
[PlyCount "88"]
[EventDate "1998.10.24"]

1. d4 Nf6 2. Nf3 d5 3. g3 g6 4. Bg2 Bg7 5. O-O O-O 6. c4 dxc4 7. Nc3 c6 8. a4
Nd5 9. a5 Nxc3 10. bxc3 Nd7 11. Qa4 e5 12. Qxc4 exd4 13. cxd4 Nf6 14. a6 Be6
15. Qc5 b6 16. Qxc6 Rc8 17. Qa4 Ne4 18. e3 Nc3 19. Qa3 Ne2+ 20. Kh1 Rc3 21. Qb2
Rxc1 22. Rfxc1 Nxc1 23. Rxc1 Qb8 24. h4 Rc8 25. Ng5 Rxc1+ 26. Qxc1 Qc8 27.
Qxc8+ Bxc8 28. Bb7 Bd7 29. Kg1 Bf8 30. Kf1 Bb5+ 31. Ke1 h6 32. Ne4 Kg7 33. Kd2
Bb4+ 34. Nc3 Bc4 35. e4 Ba5 36. e5 b5 37. Kc2 Bb6 38. d5 Bxf2 39. Ne4 Bb6 40.
Kc3 Ba5+ 41. Kd4 Bb6+ 42. Kc3 Ba5+ 43. Kc2 Bb6 44. Nd2 Bd4 1/2-1/2

[Event "XX Festival A"]
[Site "Arco ITA"]
[Date "1998.10.??"]
[Round "2"]
[White "Casagrande, Fabio"]
[Black "Wagman, Stuart"]
[Result "1/2-1/2"]
[WhiteElo "2050"]
[BlackElo "2170"]
[PlyCount "28"]
[EventDate "1998.10.24"]

1. e4 e5 2. Nf3 Nc6 3. d4 exd4 4. Nxd4 Nf6 5. Nxc6 bxc6 6. e5 Qe7 7. Qe2 Nd5 8.
c4 Nb6 9. Nc3 Qe6 10. Qe4 d5 11. exd6 cxd6 12. Be3 Qxe4 13. Nxe4 Bf5 14. Nc3
Be6 1/2-1/2

[Event "XX Festival A"]
[Site "Arco ITA"]
[Date "1998.10.??"]
[Round "2"]
[White "Di Lazzaro, Gabriele"]
[Black "Prelati, Maurizio"]
[Result "0-1"]
[WhiteElo "2005"]
[BlackElo "2140"]
[PlyCount "112"]
[EventDate "1998.10.24"]

1. e4 c5 2. c3 d5 3. exd5 Qxd5 4. d4 cxd4 5. cxd4 Nc6 6. Nf3 e5 7. Nc3 Bb4 8.
Be2 Nxd4 9. Qa4+ Qd7 10. Nxd4 Qxa4 11. Bb5+ Bd7 12. Bxa4 exd4 13. Bxd7+ Kxd7
14. a3 Re8+ 15. Kd1 Bxc3 16. bxc3 dxc3 17. Be3 b6 18. Bd4 f6 19. Rc1 Ne7 20.
Bxc3 Nd5 21. Bd2 Re4 22. Re1 Rhe8 23. g3 Rxe1+ 24. Bxe1 Re4 25. Kc2 Rc4+ 26.
Kb2 Rxc1 27. Kxc1 b5 28. Kc2 Kd6 29. Kd3 g6 30. Kd4 Kc6 31. Bd2 Nc7 32. Bb4
Ne6+ 33. Ke4 Ng5+ 34. Ke3 Kd5 35. Be7 Ke6 36. Bc5 a6 37. h4 Nf7 38. g4 Kd5 39.
Bb4 Ne5 40. f3 a5 41. Be7 Ke6 42. Bc5 Nd7 43. Bd4 b4 44. axb4 axb4 45. f4 f5
46. gxf5+ gxf5 47. h5 Kd5 48. Bg7 Kc4 49. Kf3 Kd3 50. Kg3 Ke4 51. Bb2 Nc5 52.
Kh4 Nd3 53. Bg7 Nxf4 54. Bf8 b3 55. Ba3 Nd3 56. Kg5 f4 0-1

[Event "XX Festival A"]
[Site "Arco ITA"]
[Date "1998.10.??"]
[Round "2"]
[White "Garbisu De Goni, Unai"]
[Black "Godena, Michele"]
[Result "0-1"]
[WhiteElo "2395"]
[BlackElo "2510"]
[PlyCount "92"]
[EventDate "1998.10.24"]

1. e4 e5 2. Nf3 Nc6 3. Bb5 a6 4. Ba4 Nf6 5. O-O b5 6. Bb3 Bc5 7. a4 Bb7 8. d3
O-O 9. Nc3 b4 10. Nd5 h6 11. a5 d6 12. c3 bxc3 13. bxc3 Rb8 14. Be3 Bxe3 15.
fxe3 Nxd5 16. Bxd5 Nxa5 17. Rxa5 c6 18. Qa1 cxd5 19. exd5 Qb6 20. Re1 Qb3 21.
e4 f5 22. Nd2 Qc2 23. Nc4 fxe4 24. dxe4 Qf2+ 25. Kh1 Bc8 26. Rg1 Qe2 27. Qa2
Qd3 28. Nxd6 Rf1 29. h3 Rbb1 30. Rxf1 Qxf1+ 31. Kh2 Qf4+ 32. g3 Qc1 33. Qg2 Rb2
34. Nxc8 Rxg2+ 35. Kxg2 Qd2+ 36. Kf1 Qxc3 37. Ne7+ Kf7 38. Nc6 Qf3+ 39. Ke1
Qxe4+ 40. Kd2 Qg2+ 41. Kc1 Qf1+ 42. Kb2 Qe2+ 43. Kc3 e4 44. Kd4 Qd3+ 45. Ke5 e3
46. Kf4 Qd2 0-1

[Event "XX Festival A"]
[Site "Arco ITA"]
[Date "1998.10.??"]
[Round "2"]
[White "Khenkin, Igor"]
[Black "Lantini, Marco"]
[Result "1-0"]
[WhiteElo "2600"]
[BlackElo "2145"]
[PlyCount "81"]
[EventDate "1998.10.24"]

1. d4 Nf6 2. c4 e6 3. Nf3 b6 4. a3 Ba6 5. Qc2 Bb7 6. Nc3 c5 7. e4 cxd4 8. Nxd4
Nc6 9. Nxc6 Bxc6 10. Be2 Qb8 11. f4 Qb7 12. Bf3 Rc8 13. O-O Bc5+ 14. Kh1 Bd4
15. Ne2 Bc5 16. b4 Be7 17. Nc3 Qc7 18. Qd3 h5 19. Bd2 Ng4 20. Rac1 Qb8 21. h3
Nf6 22. g3 Ng8 23. Kg2 h4 24. g4 Bb7 25. Ne2 Bd6 26. Rfd1 Rd8 27. c5 Bf8 28. c6
a6 29. Be3 Bxc6 30. Qxa6 Nf6 31. Bxb6 Rc8 32. Bd4 Be7 33. g5 Nxe4 34. Be5 Qa8
35. Qxa8 Rxa8 36. Rxc6 dxc6 37. Bxe4 O-O 38. Rd7 Bd8 39. Bd6 Re8 40. Bxc6 Rxa3
41. Rb7 1-0

[Event "XX Festival A"]
[Site "Arco ITA"]
[Date "1998.10.??"]
[Round "2"]
[White "Korte, Markus"]
[Black "Heinlein, Reinhold"]
[Result "0-1"]
[WhiteElo "2220"]
[BlackElo "2080"]
[PlyCount "86"]
[EventDate "1998.10.24"]

1. e4 c6 2. d4 d5 3. e5 Bf5 4. Nf3 e6 5. Be2 c5 6. c3 Nc6 7. O-O Nge7 8. Be3
cxd4 9. cxd4 Bg4 10. Nc3 Nf5 11. Qb3 Qd7 12. Rad1 Be7 13. Qa4 O-O 14. a3 a6 15.
b4 b5 16. Qb3 f6 17. h3 Bh5 18. Rd2 Kh8 19. Rc1 Bxf3 20. Bxf3 fxe5 21. Nxd5
exd5 22. Qxd5 Qxd5 23. Bxd5 Ncxd4 24. Bxa8 Rxa8 25. Rc7 Nxe3 26. fxe3 Bg5 27.
Rd3 Nf5 28. Kf2 Rf8 29. Ke2 Ng3+ 30. Kd1 Rf1+ 31. Kc2 h6 32. Rdd7 Bf6 33. Rc8+
Kh7 34. Rc6 e4 35. Rxa6 Nf5 36. Kd2 Rf2+ 37. Ke1 Bh4 38. Kd1 Nxe3+ 39. Kc1 Bf6
40. Rc7 Kg6 41. g4 Nc4 42. Re6 e3 43. a4 e2 0-1

[Event "XX Festival A"]
[Site "Arco ITA"]
[Date "1998.10.??"]
[Round "2"]
[White "Mahn, Franko"]
[Black "Schweiger, Georg"]
[Result "1/2-1/2"]
[WhiteElo "2205"]
[BlackElo "2220"]
[PlyCount "66"]
[EventDate "1998.10.24"]

1. d4 d5 2. c4 Nc6 3. cxd5 Qxd5 4. Nf3 e5 5. Nc3 Bb4 6. Bd2 Bxc3 7. Bxc3 e4 8.
Nd2 Nf6 9. e3 O-O 10. Qb3 Qxb3 11. Nxb3 Nd5 12. Nc5 Ncb4 13. Kd2 Re8 14. a3 Na6
15. Nxa6 bxa6 16. Be2 Rb8 17. Rab1 Rb6 18. Rhc1 Rg6 19. Bf1 Bd7 20. Ba5 Bb5 21.
Ke1 c6 22. b3 f5 23. g3 Rh6 24. h4 f4 25. gxf4 Rxh4 26. Bxb5 axb5 27. Ke2 Re6
28. Rc5 Rd6 29. Rbc1 Rhh6 30. Bd2 Kf7 31. a4 a6 32. Rg1 Rdg6 33. Rg5 Re6
1/2-1/2

[Event "XX Festival A"]
[Site "Arco ITA"]
[Date "1998.10.??"]
[Round "2"]
[White "Ortega, Lexy"]
[Black "Dalponte, Dino"]
[Result "1-0"]
[WhiteElo "2490"]
[BlackElo "2180"]
[PlyCount "59"]
[EventDate "1998.10.24"]

1. d4 d5 2. c4 e6 3. Nf3 c6 4. Qc2 f5 5. Bf4 Nf6 6. e3 Bd6 7. Bxd6 Qxd6 8. Bd3
Ne4 9. Nbd2 Nd7 10. O-O O-O 11. a3 Kh8 12. b4 e5 13. dxe5 Nxe5 14. Nxe5 Nxd2
15. Qxd2 Qxe5 16. cxd5 Qxd5 17. Rac1 Rd8 18. Qc2 Be6 19. Rfd1 Qb3 20. Bxf5 Qxa3
21. Bxe6 Qxb4 22. Ba2 a5 23. g3 a4 24. Rxd8+ Rxd8 25. Rb1 Rd2 26. Qf5 Qe7 27.
Rxb7 Qe8 28. Qf7 Rd1+ 29. Kg2 Qe4+ 30. Kh3 1-0

[Event "XX Festival A"]
[Site "Arco ITA"]
[Date "1998.10.??"]
[Round "2"]
[White "Pipitone, Antonio"]
[Black "Frank, Albert"]
[Result "1-0"]
[WhiteElo "2035"]
[BlackElo "2020"]
[PlyCount "83"]
[EventDate "1998.10.24"]

1. e4 c5 2. Nf3 d6 3. d4 cxd4 4. Nxd4 Nf6 5. Nc3 a6 6. Be2 e5 7. Nb3 Be6 8. O-O
Qc7 9. f4 Nbd7 10. f5 Bc4 11. Bg5 Be7 12. Kh1 Rd8 13. Bxc4 Qxc4 14. Qf3 h6 15.
Be3 b5 16. a3 Qc6 17. Rad1 Nb6 18. Bxb6 Qxb6 19. Nd5 Nxd5 20. Rxd5 O-O 21. c3
Rc8 22. Na1 Rc5 23. Rd3 a5 24. Nc2 Bg5 25. Rfd1 Rd8 26. Qg4 d5 27. exd5 Rc4 28.
Qe2 Rf4 29. Rf3 Qf6 30. Rxf4 exf4 31. Qe4 Qd6 32. Ne1 Qd7 33. Nf3 Re8 34. Qc2
Re3 35. h3 Qe8 36. d6 Re2 37. d7 Qe3 38. d8=Q+ Bxd8 39. Rxd8+ Kh7 40. Qd1 Rxb2
41. Rd3 Qe4 42. Ng5+ 1-0